Drviče potravinového odpadu

Uložené v:
Podrobná bibliografia
Korporácia: Anaheim Manufacturing California (USA) (Author), BOND marketing, s. r. o. (Palackého nám. 89, 684 01 Slavkov u Brna, ČR) (Compiler)
Médium: Kniha
Jazyk:Slovak
Vydané: [2006]
Fyzický popis: 1 l.
Tagy: Pridať tag
Žiadne tagy, Buďte prvý kto otaguje tento záznam!

MARC

LEADER 00000nam a2200000 a 4500
001 000330708
005 20060419103901.0
008 060419s2006 e sloo
040 |a KE001  |b slo 
080 |a 621.926.2  |2 undef 
110 2 |a Anaheim Manufacturing California (USA)  |4 aut 
245 1 0 |a Drviče potravinového odpadu 
260 |c [2006] 
300 |a 1 l. 
710 2 |a BOND marketing, s. r. o. (Palackého nám. 89, 684 01 Slavkov u Brna, ČR)  |4 com 
850 |a KE001 
998 |a FL 
992 |a FFP 
090 |g SCKHL  |k SK42  |a 621.926.2  |j 212505  |i I4476  |4 zastaraná  |s Vyradená